=LDR 00000nam 2200000 4500 =001 INLIS000000000021109 =005 20130612120011 =008 ***********************************Ind** =035 ##$$0010-061300000021109 =041 ##$$a Ind =082 ##$$a 005.365 =090 ##$$a 005.365, Gum b =100 ##$$a Gumawang, Atang =245 ##$$a Belajar merakit komputer, Atang Gumawang =260 ##$$a 2003 $b Bandung =300 ##$$a viii, 261 hlm, ilus, 21 cm =650 ##$$a Komputer =850 ##$$a NBPNMAT